Normal view
MARC view
- HUGHES, WILL GRAYS CALIN
Entry Personal Name
001 - CONTROL NUMBER
- control field: 85971
003 - CONTROL NUMBER IDENTIFIER
- control field: NUST
005 - DATE AND TIME OF LATEST TRANSACTION
- control field: 20211207151458.0
008 - FIXED-LENGTH DATA ELEMENTS
- fixed length control field: 211207|| aca||aabn | a|a d
040 ## - CATALOGING SOURCE
- Original cataloging agency: NUST
- Transcribing agency: NUST
100 ## - HEADING--PERSONAL NAME
- Personal name: HUGHES, WILL GRAYS CALIN
670 ## - SOURCE DATA FOUND
- Source citation: Work cat.: (NUST): HUGHES, WILL GRAYS CALIN., BUILDING DE SIGN MANAGE MENT /, 2001.
